| 000 | 00348nam a2200133Ia 4500 | ||
|---|---|---|---|
| 008 | 190216s9999||||xx |||||||||||||| ||und|| | ||
| 100 | _aDavid T Plummer | ||
| 245 | 0 | _aIntroduction To Practical Biochemistry | |
| 250 | _a3rd Ed. | ||
| 260 |
_bTata Mcgraw Hill Publishing Company Ltd _c1988 |
||
| 300 | _a332p | ||
| 650 | _aBiochemistry | ||
| 942 | _cBK | ||
| 999 |
_c2828 _d2828 |
||